000 01958nam a2200301 a 4500
003 BLK
005 20231228163727.0
008 181211b bu a|||gr|||| 00| 0 bu d
020 _a9789543431137
040 _aBLK
041 _aBUL
_aENG
_cBUL
080 _aЕтеричномаслени растения - Роза, жасмин, лавандула, розмарин, здравец, перуника и др.
_b633.81
_x(497.2)(091)
_z633.81(497.2)(091)
080 _aЕтерични масла. Парфюмерия. Козметични средства
_b665.5
_x(497.2)(091)
_z665.5(497.2)(091)
100 _9257447
_aЗарев, Косьо Панайотов
_eпърви автор
139 _aЗарев, Косьо Панайотов
_bЗ 34
245 _aБългарското розопроизводство и традиционната култура
_bКосьо Зарев ; състав. Косьо Зарев ; снимки Стефан Димов, Бедрос Азинян
246 _aBulgarian rose production and the traditional culture / Kosyo Zarev ; comp. Kosyo Zarev ; photos Stefan Dimov, Bedros Azinian ; transl. in Engl. Virsavia Vaseva
250 _a2. изд.
260 _9391517
_aКазанлък
_bИК Янита
_c2018
_fФеникс принт
_g2018
300 _a271 с.
_bс ил.
_c24 см
380 _a63
500 _aПълната форма на името на прев. Вирсавия Васева е Вирсавия Стоянова Васева-Чорбаджийска, погрешно отпеч. в изд. каре Вирсавия Васева-Чорба 1. изд. 2008 на изд. Ирита Изд. на Ист. музей "Искра" - Казанлък
504 _aБиблиогр.: с. 118-121, 220-223
700 _9966
_aВасева, Вирсавия Стоянова
_eпрев.
852 _aЦб 292375
_bЦб
942 _cKNG
_n0
944 _aED
_c2023
_k30550
_lКети Илиева
999 _c327574
_d327574